| 000 | 00929nam a2200157 4500 | ||
|---|---|---|---|
| 999 |
_c6473 _d6473 |
||
| 020 | _a0582318041 | ||
| 050 |
_aQA161 _b.N31 |
||
| 100 | _aNeill, Hugh | ||
| 245 |
_aHelp yourself to integration / _cHugh Neill |
||
| 260 |
_aEngland _bAddison Wesley Longmann _c1997 |
||
| 300 |
_aiii, 91p. : _c20cm |
||
| 500 | _aIncludes index | ||
| 505 | _aChapter 1. How to use this book Chapter 2. Integrating powers and polynomials Chapter 3. Finding the constant Chapter 4. Kinematics Chapter 5. Calculating area Chapter 6. Volumes of revolution Chapter 7. Using standard forms to integrate Chapter 8. Some special integrals Chapter 9. Integration by substitution Chapter 10. Integration by parts Chapter 11. More areas and volumes Chapter 12. Approximate integration Chapter 13. Differential equations Chapter 14. More differential equations Chapter 15. Revision exercises | ||
| 650 | _aIntegration | ||
| 942 | _cBK | ||